Statistics for Roller Coaster Trivia

Click here to take the quiz!

General Stats

  • This quiz has been taken 1,088 times
    (938 since last reset)
  • The average score is 13 of 22

Answer Stats

HintAnswer% Correct
Tallest CoasterKingda Ka
98%
Other Strata Coaster (Besides first answer)Top Thrill Dragster
81%
Fastest CoasterFormula Rossa
80%
Coaster with Most InversionsThe Smiler
78%
Longest CoasterSteel Dragon 2000
76%
First Giga CoasterMillennium Force
74%
Park With Most CoastersSix Flags Magic Mountain
73%
First Hyper CoasterMagnum XL-200
68%
First 4D CoasterX2
67%
Steepest Drop CoasterTMNT Shellraiser
63%
Tallest Dive CoasterYukon Striker/Valravn
61%
Only Interlocking Loops CoasterLoch Ness Monster
56%
First Triple-Inversion CoasterCorkscrew
55%
Tallest Flying CoasterTatsu
53%
First Steel Coaster w/ Vertical LoopRevolution
45%
First Steel-tubing CoasterMatterhorn
43%
Tallest Inverted CoasterAlpengeist
42%
Oldest CoasterLeap-the-dips
41%
Coaster with Tallest InversionSteel Curtain
38%
Tallest Stand-up CoasterRiddler's Revenge
31%
Tallest Wooden CoasterT Express/Wildfire
26%
Tallest Loop CoasterFlash
16%

Score Distribution

Percentile by Number Answered

Percent of People with Each Score

Your Score History

You have not taken this quiz since the last reset